| 000 | 01429 am a2200289ua 4500 | ||
|---|---|---|---|
| 001 | 010680679 | ||
| 005 | 20091217015300.0 | ||
| 008 | 011126s2001 enka || 001 ||eng | ||
| 020 | _a033379284X (pbk.) : | ||
| 040 |
_aStDuBDS _dUk |
||
| 082 | 0 | 4 |
_a005.14 _221 _bSCH |
| 100 | 1 |
_aSchneider, S. A. _q(Steve A.) _929189 |
|
| 245 | 1 | 4 |
_aThe B-Method : _ban introduction / _cSteve Schneider. |
| 260 |
_aBasingstoke : _bPalgrave, _c2001. |
||
| 300 |
_axiii, 370 p. : _bill. ; _c25 cm. |
||
| 490 | 1 |
_aCornerstones of computing _929190 |
|
| 500 | _aIncludes index. | ||
| 650 | 0 |
_aB method (Computer science) _929191 |
|
| 650 | 0 |
_aB method (Computer science) _vProblems, exercises, etc. _929192 |
|
| 653 |
_bCS _cMarch2012 |
||
| 942 |
_2ddc _cBB |
||
| 999 |
_c16539 _d16539 |
||